Five in One II Quiz Stats

 Plays Quiz Updated Jul 17, 2018

Score 0/30 Timer 01:00
2 Plays Today
% Correct
King
82.7%
Queen
81.9%
Donner
78.5%
Blitzen
78.4%
Dancer
77.4%
Prancer
77.1%
Pawns
76.2%
Rooks
74.3%
Cupid
73.3%
Knights
73.2%
Dasher
71.8%
Comet
71.3%
Vixen
69.7%
Charlie Bucket
63.4%
Bishops
62.4%
% Correct
Helium
51%
Neon
50%
Argon
45.7%
Xenon
38.4%
Challenger
37.1%
Violet Beauregarde
35.1%
Veruca Salt
32.9%
Augustus Gloop
30.6%
Mike Teavee
30.1%
Radon
26.3%
Columbia
24.9%
Discovery
23.3%
Krypton
22.2%
Endeavour
17.2%
Atlantis
13.1%

You're not logged in!

Compare scores with friends on all Sporcle quizzes.
OR
Log In

Sporcle TV

Today on Sporcle TV


Watch our educational content, quiz creation guides, and fun videos on Sporcle TV.

Show Comments

Extras

Top Quizzes Today


Score Distribution

Your Account Isn't Verified!

In order to create a playlist on Sporcle, you need to verify the email address you used during registration. Go to your Sporcle Settings to finish the process.

Report this User

Report this user for behavior that violates our Community Guidelines.

Details: